| 000 | 00656nam a22002175i 4500 | ||
|---|---|---|---|
| 001 | 13607 | ||
| 003 | ES-MaACL | ||
| 005 | 20230906150624.0 | ||
| 007 | t| | ||
| 008 | 930525s1988 sp ||||0| spa | ||
| 020 | _a84-7697-209-1 | ||
| 080 | _a173.5/.7 | ||
| 080 | _a159.922.8 | ||
| 100 | 1 |
_aGeira Salvadó, Teresa. _956222 |
|
| 245 | 1 | 4 |
_aLos hijos de sus padres _b: réplica a los replicones de "Yo, tu madre" de Ch. Collange / _cTeresa Salvatore. |
| 260 |
_aAranguren, Vizcaya : _bEl Paisaje, _c1988. |
||
| 300 |
_a161 p. ; _c20 cm. |
||
| 650 | 1 | 4 |
_aPadres e hijos. _915785 |
| 650 | 4 |
_aJóvenes- _xPsicología. _913956 |
|
| 852 |
_aES-MaACL _jL-20952 |
||
| 999 |
_c13607 _d13607 |
||